| 000 | 01031 a2200277 4500 | ||
|---|---|---|---|
| 999 |
_c363 _d363 |
||
| 020 | _a0631222995 (alk. paper) | ||
| 020 | _a0631223002 (pbk. : alk. paper) | ||
| 050 | 0 | 0 | _aCB430. LWE 2002 |
| 100 |
_aLewis Justin _eeditor |
||
| 245 | 0 | 0 |
_aCritical cultural policy studies : _ba reader / _cedited by Justin Lewis and Toby Miller. |
| 264 |
_aBerlin: _bBlackwell publishing., _c2002 |
||
| 300 | _axi, 357 p. ; | ||
| 500 | _alncludes index. | ||
| 504 | _aIncludes bibliographical references | ||
| 650 | 0 | _aCultural policy. | |
| 650 | 0 |
_aCultural policy _xStudy and teaching. |
|
| 650 | 0 | _aCivilization, Modern | |
| 650 | 0 | _aPolitics and culture. | |
| 650 | 0 |
_aPopular culture _xPolitical aspects. |
|
| 650 | 0 |
_aPopular culture _xEconomic aspects. |
|
| 651 | 0 | _aUnited States | |
| 700 | 1 |
_aLewis, Justin, _d1958- |
|
| 700 | 1 |
_aMiller, Toby, _d1958- |
|
| 942 |
_2lcc _cBK _h430 _iLEW _kCB |
||